Complete the Card - WWE Judgment Day 2009 - Statistics

General Stats
  • This quiz has been taken 13 times
  • The average score is 12 of 14
Answer Stats
Answer % Correct
Chris Jericho
100%
Edge
100%
John Cena
100%
Randy Orton
100%
Rey Mysterio
100%
The Big Show
100%
Batista
86%
Christian
86%
CM Punk
86%
Jack Swagger
86%
Jeff Hardy
86%
John Morrison
86%
Shelton Benjamin
57%
Umaga
57%
No matching quizzes found
Score Distribution
Percent of People with Each Score
Percentile by Number Answered
Your Score History
You have not taken this quiz